Zneužívaná dôvera dieťaťa?
Problematika vysielania reklamy zameranej na deti. Niektoré problémové produkty ponúkané deťom prostredníctvom teleshoppingu. Ponuka spoločnosti Globtel vo forme detského mobilného telefónu. Úprava obmedzenia reklamy zameranej na deti vo vybraných krajinách Európy. Deti ako významná cieľová skupina...
Gespeichert in:
| 1. Verfasser: | |
|---|---|
| Format: | Buchkapitel |
| Sprache: | Slowakisch |
| Schlagworte: | |
| Tags: |
Keine Tags, Fügen Sie das erste Tag hinzu!
|
MARC
| LEADER | 00000naa a2200000 4500 | ||
|---|---|---|---|
| 001 | r036694 | ||
| 005 | 20230929100233.7 | ||
| 041 | 0 | |a slo | |
| 044 | |a SK | ||
| 245 | 1 | 0 | |a Zneužívaná dôvera dieťaťa? |c Nataša Batíková |
| 520 | |a Problematika vysielania reklamy zameranej na deti. Niektoré problémové produkty ponúkané deťom prostredníctvom teleshoppingu. Ponuka spoločnosti Globtel vo forme detského mobilného telefónu. Úprava obmedzenia reklamy zameranej na deti vo vybraných krajinách Európy. Deti ako významná cieľová skupina v rámci komerčnej komunikácie. | ||
| 610 | 2 | 0 | |a reklama |
| 610 | 2 | 0 | |a deti |
| 610 | 2 | 0 | |a komunikácia marketingová |
| 610 | 2 | 0 | |a kódexy |
| 610 | 2 | 0 | |a televízia |
| 610 | 2 | 0 | |a regulácia |
| 610 | 2 | 0 | |a krajiny vyspelé |
| 100 | 1 | |a Batíková, Nataša | |